000 00838 a2200217 4500
003 Nust
005 20221012154956.0
010 _a 75026773
020 _a0023397608
040 _cNust
082 0 0 _a540.3,FRI
100 1 _aFried, Vojtech.
_9100057
245 1 0 _aPhysical chemistry /
_cVojtech Fried, Hendrik F. Hameka, Uldis Blu?.
260 _aNew York :
_bMacmillan,
_cc1977.
300 _axix, 983 p. :
_bill. ;
_c26 cm.
505 _aPART-1: States of Matter (Page-1) PART-2: Classical Thermodynamics (Page-85) PART-3: Quantum Mechanics (Page-285) PART-4: Statistical Thermodynamics (Page-569) PART-5: Chemical Kinetics (Page-627) PART-6: Electrochemistry (Page-831).
650 0 _aChemistry, Physical and theoretical.
_91241
700 1 _aBlukis, Uldis,
_9100058
700 1 _aHameka, Hendrik F.,
_9100059
942 _2ddc
_cBK
999 _c183333
_d183333